000
00303nam a2200133Ia 4500
008
191201s1992 xx 000 0 und d
100
_a
GUPTA, R B
245
0
_a
Machine Drawing
250
_a
6th
260
_a
N.Delhi
_b
Satya Prakashan
_c
1992
300
_a
791
650
_a
B.Tech(ME)
942
_2
ddc
_c
BK
999
_c
3290
_d
3290